Normal view
MARC view
Entry Topical Term
001 - CONTROL NUMBER
- control field: 22028
003 - CONTROL NUMBER IDENTIFIER
- control field: OSt
005 - DATE AND TIME OF LATEST TRANSACTION
- control field: 20210209162042.0
008 - FIXED-LENGTH DATA ELEMENTS
- fixed length control field: 210209|| aca||aabn | a|a d
040 ## - CATALOGING SOURCE
- Original cataloging agency: OSt
- Transcribing agency: OSt
150 ## - HEADING--TOPICAL TERM
- Topical term or geographic name entry element: Agriculture - Economic aspects
670 ## - SOURCE DATA FOUND
- Source citation: Work cat.: (OSt)514923: Mzzocchi, Chiara et al 22027, The dimensions of agricultural diversification: A spatial analysis of Italian municipalities
